|
|
|
|
| LEADER |
00000nam0a2200000 4500 |
| 001 |
59605 |
| 005 |
20231031060335.0 |
| 010 |
|
|
|a 593808069X
|
| 035 |
|
|
|a (RuTPU)RU\TPU\book\63045
|
| 090 |
|
|
|a 59605
|
| 100 |
|
|
|a 20040120d2003 km y0rusy50 ca
|
| 101 |
0 |
|
|a rus
|
| 102 |
|
|
|a RU
|
| 105 |
|
|
|a a z 001zy
|
| 200 |
1 |
|
|a Ректификация многокомпонентных смесей высших жирных кислот в комплексах термически связанных колонн
|f В. А. Плесовских
|
| 210 |
|
|
|a СПб.
|c Химиздат
|d 2003
|
| 215 |
|
|
|a 80 с.
|c ил.
|
| 320 |
|
|
|a Библиогр.: с. 78-79.
|
| 606 |
1 |
|
|a Жирные кислоты
|x Ректификация
|2 stltpush
|3 (RuTPU)RU\TPU\subj\33687
|
| 610 |
1 |
|
|a химическая технология
|
| 610 |
1 |
|
|a многокомпонентные смеси
|
| 610 |
1 |
|
|a расчет
|
| 610 |
1 |
|
|a термически связанные потоки
|
| 610 |
1 |
|
|a кокосовое масло
|
| 610 |
1 |
|
|a термодинамический расчет
|
| 675 |
|
|
|a 665.12
|v 3
|
| 700 |
|
1 |
|a Плесовских
|b В. А.
|g Владимир Александрович
|
| 801 |
|
1 |
|a RU
|b 63413507
|c 20040120
|g PSBO
|
| 801 |
|
2 |
|a RU
|b 63413507
|c 20141226
|g PSBO
|
| 942 |
|
|
|c BK
|